000 00346nam a2200121 i 4500
001 bg
245 0 _aStability of Stochastic Dynamical Systems. Proc. of the Internat. Symposium... Univ. of Warwick, July 10-14, 1972...
260 _aBerlin,
_c1972.
040 _cBPK
041 _apol
942 _cKS
008 s pl f |000 0 pol
999 _c27100
_d27100
856 _uhttp://koha.tu.koszalin.pl/cgi-bin/koha/opac-detail.pl?biblionumber=27100
_yKatalog online BPK